000 00946nam a2200229 a 4500
001 44383
003 BD-RjUL
005 20211209053839.0
008 160717s1981 bg |||| ||| 000 0 ben d
020 _c: Tk 10.00
035 _a(BD-RjUL)44501
040 _aBD-RjUL
_bben
_cBD-RjUL
041 _aben
082 _223
_a491.44297
_bTAB 1981
100 1 0 _aতালিব, মুহম্মদ আবু
_9117962
245 1 0 _aবাংলা ভাষা ও সাহিত্যে কুরআনের প্রভাব /
_cমুহম্মদ আবু তালিব
260 _aঢাকা :
_bইসলামিক ফাউন্ডেশন বাংলাদেশ ;
_c১৯৮১ [১৩৮৭]
300 _a৮৭ পৃ. ;
_c২৩২০ সেমি.
650 _aবাংলা ভাষা
_xকুরআনের প্রভাব
_9136234
650 _aBengali language
_xInfuence Quran
_9136235
942 _2ddc
_cBK
999 _c44383
_d44383